000 00957nam a22002651u 4500
001 04679
003 HDC
007 cr bn ---
008 210117p my go d 00 engg
040 _aHDC
110 _aFederal Agricultural Marketing Authority (FAMA)
245 0 _aFOOD SAFETY :
_bFood Supply Chain Along the Import and Export of Food Industry /
_cby Noorsham Bin Ramly
260 _a[No Place] :
_b[publisher not identified],
_c[no year]
300 _a61 pages :
_billustrations
336 _atext
_2rdacontent
337 _acomputer
_2rdamedia
338 _aonline resource
_2rdacarrier
650 _aFood industry and trade
_9140
650 _aFood safety
_9504
650 _aFood supply
_93374
856 _zRequest full-text at [email protected]
942 _2lcc
942 _cSLIDE
942 _kSLID 000315
999 _c2004
_d2004